000
00307nam a2200133Ia 4500
008
151001s9999||||xx |||||||||||||| ||und||
100
_a
व पु काळे
245
_a
दोस्त
250
_a
1
260
_b
सुमंगल
260
_c
1999
300
_a
181
365
_b
21
999
_c
997449
_d
997446